Court of Appeal Criminal Appeal No.33 of 1998. Birungi Francis and another Vs Uganda (Record no. 2980)
[ view plain ]
| 000 -LEADER | |
|---|---|
| fixed length control field | 00490nam a22001097a 4500 |
| 008 - FIXED-LENGTH DATA ELEMENTS--GENERAL INFORMATION | |
| fixed length control field | 110615t xxu||||| |||| 00| 0 eng d |
| 010 ## - LIBRARY OF CONGRESS CONTROL NUMBER | |
| LC control number | CACAF-42 |
| 245 ## - TITLE STATEMENT | |
| Title | Court of Appeal Criminal Appeal No.33 of 1998. Birungi Francis and another Vs Uganda |
| 260 ## - PUBLICATION, DISTRIBUTION, ETC. (IMPRINT) | |
| Date of publication, distribution, etc | 1998 |
| 500 ## - GENERAL NOTE | |
| General note | CORAM: Hon. Mr. Justice G.M. Okello, J.A.; Hon. Lady Justice A.E.N. Mpagi-Bahigeine, J.A.; Hon. Mr. Justice A.Twinomujuni, J.A. |
| Withdrawn status | Lost status | Source of classification or shelving scheme | Damaged status | Koha normalized classification for sorting | Not for loan | Location (home branch) | Sublocation or collection (holding branch) | Shelving location | Date acquired | Koha issues (times borrowed) | Koha full call number | Piece designation (barcode) | Koha date last seen | Price effective from | Koha item type | Public note |
|---|---|---|---|---|---|---|---|---|---|---|---|---|---|---|---|---|
| Dewey Decimal Classification | CACAF_42 | Law Development Centre Main Library | Law Development Centre Main Library | Law Reports | 06/15/2011 | CACAF:42 | 33/1998 | 06/15/2011 | 06/15/2011 | Un Reported Cases | JUDGEMENT WAS ENTERED ON 26TH NOV.OF 1999 |
